| 000 | 00609nam a22002177a 4500 | ||
|---|---|---|---|
| 003 | UA-OsUOA | ||
| 001 | 126364 | ||
| 007 | ta | ||
| 008 | 20171017b un ||||| |||| 00| 0 ukr d | ||
| 100 | _aКоць Т. А. | ||
| 090 |
_a81 _bК75 |
||
| 942 | _cSA | ||
| 040 |
_aUA-OsUOA _bukr _cUA-OsUOA _dUA-OsUOA |
||
| 245 | _aТеоретичні засади вивчення мовної норми | ||
| 300 | _aС. 59-65 | ||
| 955 | _a0 | ||
| 041 | _aukr | ||
| 080 | _a81 | ||
| 773 | 0 | _w126362 | |
| 650 | 7 |
_a8 Мовознавство. Художня література. Літературознавство _2UDC |
|
| 999 |
_c414780 _d414780 |
||